|
|
|
|
| LEADER |
01069cam a2200277 7i4500 |
| 001 |
0000057682 |
| 005 |
20210310090000.0 |
| 020 |
|
|
|a 9781403995117 (electronic book)
|
| 020 |
|
|
|a 9781403995124 (electronic book)
|
| 090 |
0 |
0 |
|a JN50
|b .O36 2014
|
| 100 |
1 |
|
|a Odmalm, Pontus
|
| 245 |
1 |
4 |
|a The party politics of the EU and immigration
|c Pontus Odmalm.
|
| 264 |
|
|
|a Basingstoke, Hampshire:
|b Palgrave Macmillan,
|c 2014.
|
| 300 |
|
|
|a 1 online resource (168 pages):
|b text file, PDF.
|
| 336 |
|
|
|a text
|2 rdacontent
|
| 337 |
|
|
|a computer
|2 rdamedia
|
| 338 |
|
|
|a online resource
|2 rdacarrier
|
| 490 |
0 |
|
|a Palgrave studies in European Union politics
|
| 650 |
|
0 |
|a Political parties --
|z European Union countries
|
| 650 |
|
0 |
|a Intra-party disagreements (Political parties)
|
| 650 |
|
0 |
|a Political campaigns --
|z European Union countries
|
| 655 |
|
0 |
|a Electronic books
|
| 856 |
4 |
2 |
|u http://library.unisel.edu.my/web/guest/mylibrary
|
| 997 |
|
|
|a Centre for Graduate Studies
|
| 998 |
|
|
|a Political Science, Master
|
| 999 |
|
|
|a EBO0003974
|b EBOOK
|c EBOOK
|e Electronic resources
|